| 000 | 00544nam a2200181Ia 4500 | ||
|---|---|---|---|
| 008 | 151202s9999||||xx |||||||||||||| ||und|| | ||
| 082 | _bPNVM-58338 | ||
| 100 | _aकदम प्रकाश. | ||
| 245 | _aरक्तमाणिक. | ||
| 260 | _b"श्रदा प्रकाशन,पुणे." | ||
| 260 | _c1992 | ||
| 300 | _a170 | ||
| 600 | _aकदम प्रकाश. | ||
| 630 | _aरक्तमाणिक. | ||
| 700 | _aकदम प्रकाश. | ||
| 730 | _aरक्तमाणिक. | ||
| 942 | _cBOOK | ||
| 999 |
_c1324873 _d1324870 |
||